Digitální generace proč si nerozumíme?

Informačné a komunikačné správanie sa nastupujúcej generácie. Kategórie generácií, ich klasifikácia a odlišnosti.

Gespeichert in:
Bibliographische Detailangaben
1. Verfasser: Plátej, Jiří
Format: Buchkapitel
Sprache:Tschechisch
Schlagworte:
Tags: Tag hinzufügen
Keine Tags, Fügen Sie das erste Tag hinzu!

MARC

LEADER 00000naa a2200000 4500
001 0157777
005 20231019115843.5
041 0 |a cze 
044 |a CZ 
245 1 0 |a Digitální generace  |b proč si nerozumíme?  |c Jiří Plátej 
520 |a Informačné a komunikačné správanie sa nastupujúcej generácie. Kategórie generácií, ich klasifikácia a odlišnosti. 
610 2 0 |a technológie informačné 
610 2 0 |a technológie komunikačné 
610 2 0 |a generácie 
610 2 0 |a história 
100 1 |a Plátej, Jiří